The bubble gum blob / by Andres Miedoso ; ... Read More
Available copies
- 1 of 1 copy available at LARL/NWRL Consortium.
Current holds
0 current holds with 1 total copy.
Show All Copies
| Location | Call Number / Copy Notes | Barcode | Shelving Location | Status | Due Date |
|---|---|---|---|---|---|
| Hallock Public Library | j MIE (Text) | 35500006584799 | Main | Available | - |
Record details
- ISBN: 9781665914055
- ISBN: 166591405X
- ISBN: 9781665914062
- ISBN: 1665914068
- Physical Description: 121 pages : illustrations ; 19 cm.
- Edition: First Little Simon paperback edition.
- Publisher: New York : Little Simon, [2022]
Content descriptions
| Summary, etc.: | Desmond and Andres find themselves in a sticky ... Read More |
| Target Audience Note: | Ages 5-9. Little Simon. Grades K-1. Little Simon. |
Search for related items by subject
| Subject: | Chewing gum > Juvenile fiction. Ghost stories. African Americans > Juvenile fiction. Hispanic Americans > Juvenile fiction. |
Search for related items by series
| LDR | 01711cam a22004578i 4500 | ||
|---|---|---|---|
| 001 | 392669 | ||
| 003 | LARL_NWRL_CONSORTIUM | ||
| 005 | 20220603152914.0 | ||
| 008 | 210926s2022 nyu b 000 1 eng | ||
| 010 | . | ‡a2021027604 | |
| 019 | . | ‡a1259048517 | |
| 020 | . | ‡a9781665914055 ‡q(pbk) | |
| 020 | . | ‡a166591405X | |
| 020 | . | ‡a9781665914062 ‡q(hc) | |
| 020 | . | ‡a1665914068 | |
| 035 | . | ‡a(OCoLC)1259047022 ‡z(OCoLC)1259048517 | |
| 040 | . | ‡aDLC ‡beng ‡erda ‡cDLC ‡dTOH ‡dMJ8 ‡dOCLCO ‡dGZD | |
| 042 | . | ‡apcc ‡alcac | |
| 082 | 0 | 0. | ‡a[Fic] ‡223 |
| 100 | 1 | . | ‡aMiedoso, Andres, ‡eauthor. |
| 245 | 1 | 4. | ‡aThe bubble gum blob / ‡cby Andres Miedoso ; illustrated by Victor Rivas. |
| 250 | . | ‡aFirst Little Simon paperback edition. | |
| 264 | 1. | ‡aNew York : ‡bLittle Simon, ‡c[2022] | |
| 300 | . | ‡a121 pages : ‡billustrations ; ‡c19 cm. | |
| 336 | . | ‡atext ‡btxt ‡2rdacontent | |
| 337 | . | ‡aunmediated ‡bn ‡2rdamedia | |
| 338 | . | ‡avolume ‡bnc ‡2rdacarrier | |
| 490 | 0 | . | ‡aDesmond Cole ghost patrol ; ‡v15 |
| 521 | . | ‡aAges 5-9. ‡bLittle Simon. | |
| 521 | . | ‡aGrades K-1. ‡bLittle Simon. | |
| 520 | . | ‡aDesmond and Andres find themselves in a sticky situation when a new type of bubble gum starts to consume Kersville--literally! | |
| 650 | 0. | ‡aChewing gum ‡vJuvenile fiction. | |
| 650 | 0. | ‡aGhost stories. ‡0(LARL_NWRL_CONSORTIUM)21220 | |
| 650 | 0. | ‡aAfrican Americans ‡vJuvenile fiction. ‡0(LARL_NWRL_CONSORTIUM)163089 | |
| 650 | 0. | ‡aHispanic Americans ‡vJuvenile fiction. ‡0(LARL_NWRL_CONSORTIUM)169604 | |
| 700 | 1 | . | ‡aRivas, Victor, ‡eillustrator. |
| 901 | . | ‡a392669 ‡b ‡c392669 ‡tbiblio | |

Add to basket
Permalink
Disable Highlighting